00746cam a2200181 a 450000100100000000500170001000800410002704000180006808200200008610000340010624500640014026000880020430000280029260000570032060000590037765000630043665000650049900000744420200929154155.0910827s1989 cu a 000 0dspa  aDO-SdBNPcDLC aCu866.44bR696m1 aRodriguez Feo, José,d1920-10aMi correspondencia con Lezama Lima /cJosé Rodriguez Feo. aEl Vedado, Ciudad de La Habana :bUnión de Escritores y Artistas de Cuba,cc1989. a143 p. :bil. ;c23 cm.10aLezama Lima, JosévCORRESPONDENCIA, MEMORIAS, ETC.10aRodriguez Feo, JosévCORRESPONDENCIA, MEMORIAS, ETC. 4aAutores cubanosySIGLO XXvCORRESPONDENCIA, MEMORIAS, ETC. 4aLiteratura cubanaySIGLO XXvCORRESPONDENCIA, MEMORIAS, ETC.